| 000 | 00585nam a2200193Ia 4500 | ||
|---|---|---|---|
| 008 | 240729s9999 xx 000 0 und d | ||
| 022 | _a1881-2198 | ||
| 245 | 0 | _aTribology Online | |
| 260 | _aJapan | ||
| 260 | _bJapanese Society of Tribologists | ||
| 650 | _a Chemistry | ||
| 650 | _a Engineering (General). Civil engineering (General) | Technology | ||
| 650 | _a Mechanical engineering and machinery | Science | ||
| 650 | _a Physics | Technology | ||
| 650 | _aScience | ||
| 856 | _uhttps://doaj.org/toc/53d8ba81b121461b868e19ab8b3fd4ba | ||
| 942 | _2ddc | ||
| 942 | _cDOAJEJ | ||
| 999 |
_c65697 _d65697 |
||
| 945 |
_a1 _bMadushi Gamage _c1 _dMadushi Gamage |
||